00356nam a2200121Ia 4500008004100000020001400041050001500055100002700070245005900097260004100156300002400197650001300221150202s9999 xx 000 0 und d a449213943 aFIC bFIC  aRemarque, Erich Maria. aAll quit on the western front /cErich Maria Remarque. aNew York :bBallantine Books,c1982. a295 pages :c18 cm. aFiction.